000
00269nam a22001217a 4500
008
170601b xxu||||| |||| 00| 0 eng d
041
_a
eng
080
_a
93(6)
100
_a
17
101
_a
shh
245
_a
ARMIES AND PARTIES IN AFRICA
_c
BIENEN, H
942
_2
udc
_c
BK
999
_c
15523
_d
15523